000
00267nam a22001217a 4500
082
_a
8948123
_b
SAT/D
100
_a
SATEESAN
245
_a
DASAVADARA KADAKAL
260
_a
THRISSUR
_b
H & C PUBLISHING HOUSE
300
_a
69
650
_a
SHORT STORY
_z
KERALA
942
_c
BK
999
_c
1091
_d
1091